ბათუმის შოთა რუსთაველის სახელმწიფო უნივერსიტეტის ბიბლიოთეკა

ცოცხალი ორგანიზაციული სტრუქტურები : (ბიბ.ჩანაწერი № 55061)

000 -ლიდერი
ფიქსირებული სიგრძის საკონტროლო ველი 02011nam a2200289Ia 4500
001 - საკონტროლო ნომერი
საკონტროლო ველი 22136
003 - საკონტროლო ნომრის იდენტიფიკატორი
საკონტროლო ველი GE_BSU
005 - ბოლო ოპერაციის თარიღი და დრო
საკონტროლო ველი 20221117165106.0
008 - ფიქსირებული სიგრძის მონაცემთა ელემენტები - ზოგადი ინფორმაცია
ფიქსირებული სიგრძის საკონტროლო ველი 181216s ||||ge |||||||||||||| ||geo||
020 ## - წიგნის საერთაშორისო სტანდარტული ნომერი
International Standard Book Number 9789941218095
040 ## - კატალოგიზაციის წყარო
Transcribing agency GE_BSU
041 ## - ენის კოდი
Language code of text/sound track or separate title geo
080 ## - უნივერსალური ათობითი კლასიფიკაციის ინდექსი
Universal Decimal Classification number 005.72 ც-87
245 ## - ცნობა სათაურის შესახებ
Title ცოცხალი ორგანიზაციული სტრუქტურები :
Remainder of title ჟურნალ "სტრატეგია და ორგანიზაციის" საუკეთესო სტატიების კრებული /
Statement of responsibility, etc საკონსულტაციო კომპანია სინერჯი ჯგუფი ; რედაქტორები იულონ ტოლიაშვილი, ხათუნა ნონიაშვილი ; ილუსტრაციები თამარ ცანავა ; ყდის დიზაინი რატი თორდია.
264 ## - წარმოების, გამოცემის, დისტრიბუციის და სხვა ცნობები
გამოცემის, წარმოების, დისტრიბუციის... ადგილი თბილისი :
გამოცემის, წარმოების, დისტრიბუციის... სახელწოდება პალიტრა L,
გამოცემის, წარმოების, დისტრიბუციის... თარიღი 2015.
300 ## - ფიზიკური აღწერა
Extent 168 გვ. ;
Other physical details ილ. ;
Dimensions 20 სმ.
501 ## - შენიშვნა თანმხლებ მასალაზე
With note წიგნს ახლავს სინერჯი ჯგუფის მინაწერი
653 ## - INDEX TERM--UNCONTROLLED
Uncontrolled term მენეჯმენტი
653 ## - INDEX TERM--UNCONTROLLED
Uncontrolled term ორგანიზაციული სტრუქტურები
653 ## - INDEX TERM--UNCONTROLLED
Uncontrolled term ცოცხალი ორგანიზაციული სტრუქტურები
653 ## - INDEX TERM--UNCONTROLLED
Uncontrolled term ჟურნალ "სტრატეგია და ორგანიზაციის" საუკეთესო სტატიების კრებული
700 ## - ADDED ENTRY--PERSONAL NAME
Personal name ტოლიაშვილი, იულონ
Relator term რედაქტორი
9 (RLIN) 6396
700 ## - ADDED ENTRY--PERSONAL NAME
Personal name ნონიაშვილი, ხათუნა
Relator term რედაქტორი
9 (RLIN) 15791
710 ## - ADDED ENTRY--CORPORATE NAME
Corporate name or jurisdiction name as entry element საკონსულტაციო კომპანია სინერჯი ჯგუფი
9 (RLIN) 15910
942 ## - ADDED ENTRY ELEMENTS (KOHA)
Koha item type წიგნი
Source of classification or shelving scheme
ეგზემპლარები
ჩამოწერის სტატუსი დაკარგული ეგზემპლარის სტატუსი კლასიფიკაციის წყარო ან თაროზე გაწყობის სქემა დაზიანების სტატუსი არ გაიცემა მუდმივი მდებარეობა (დაცვის ადგილი) ამჟამინდელი ადგილსამყოფელი თაროზე განთავსების ადგილი შეძენის თარიღი ღირებულება, შესყიდვის ნორმალური ფასი სრული შენახვის შიფრი შტრიხკოდი ბოლო ოპერაციის თარიღი ეგზემპლარის მიმდევრობითი ნომერი (კეტერი?) ფასის ძალაში შესვლის თარიღი ეგზემპლარის სახეობა საჯარო შენიშვნა
          ბათუმის შოთა რუსთაველის სახელმწიფო უნივერსიტეტის მთავარი ბიბლიოთეკა ბათუმის შოთა რუსთაველის სახელმწიფო უნივერსიტეტის მთავარი ბიბლიოთეკა წიგნსაცავი 2018-12-17 8.93 005.72 ც-87 57094 2018-12-17 57094 2018-12-17 წიგნი 8.93 ₾.